The notation of polyphonic music, 900-1600 /

Bibliographic Details
Main Author: Apel, Willi, 1893-1988
Format: Book
Language:English
Published: Cambridge, Mass. : The Mediaeval Academy of America, 1944.
Edition:2d, corr. ed.
Series:Publication (Mediaeval Academy of America) ; no. 38.
Subjects:

MARC

Tag First Indicator Second Indicator Subfields
LEADER 00000cam a2200000I 4500
001 in00002012175
005 20151031153851.0
008 730628s1944 mauagh 000 0 eng
010 |a  45008537  
035 |a (OCoLC)ocm00647555 
040 |a DLC  |c KSU  |d SER  |d UtOrBLW 
049 |a TXAM 
050 0 0 |a ML431  |b .A6 1944 
100 1 |a Apel, Willi,  |d 1893-1988. 
245 1 4 |a The notation of polyphonic music, 900-1600 /  |c by Willi Apel. 
250 |a 2d, corr. ed. 
264 1 |a Cambridge, Mass. :  |b The Mediaeval Academy of America,  |c 1944. 
300 |a xxv, 443 pages, 30 unnumbered pages including illustrations (facsims., music) tab. ;  |c 26 cm. 
336 |a text  |b txt  |2 rdacontent 
337 |a unmediated  |b n  |2 rdamedia 
338 |a volume  |b nc  |2 rdacarrier 
490 1 |a The Mediaeval academy of America. Publication ;  |v no. 38 
500 |a "Appendix: transcriptions": [30] pages at end. 
536 |a From the Howard Mayer Brown, Edward Downes and Mary Schieffelin Book Collections, October 2004. 
650 0 |a Musical notation. 
830 0 |a Publication (Mediaeval Academy of America) ;  |v no. 38. 
948 |a cataloged  |b cmulkey  |c 2004/12/17  |d 10:14:18 am 
994 |a C0  |b TXA 
999 |a MARS 
999 f f |s 2eac25d7-4d0b-33b5-8ffc-96967304872a  |i 0a58bded-7ac4-3091-9cf5-668ce6128e5b  |t 0 
952 f f |p normal  |a Texas A&M University  |b College Station  |c Sterling C. Evans Library  |d Evans: Library Stacks  |t 0  |e ML431 .A6 1944  |h Library of Congress classification  |i unmediated -- volume  |m A14831658281 
998 f f |a ML431 .A6 1944  |t 0  |l Evans: Library Stacks